书目信息 |
| 题名: |
常见中草药彩色图鉴
|
|
| 作者: | 尤志勉 , 吴棣飞 , 韩安榜 主编 | |
| 分册: | ||
| 出版信息: | 长春 吉林科学技术出版社 2024.03 |
|
| 页数: | 223页 | |
| 开本: | 24cm | |
| 丛书名: | ||
| 单 册: | ||
| 中图分类: | R282.7-64 | |
| 科图分类: | ||
| 主题词: | 中草药--zhong cao yao--图集 | |
| 电子资源: | ||
| ISBN: | 978-7-5578-9026-1 | |
| 000 | 01180nam0 2200265 450 | |
| 001 | 91340 | |
| 005 | 20250816203022.38 | |
| 010 | @a978-7-5578-9026-1@dCNY45.00 | |
| 100 | @a20240322d2024 em y0chiy50 ea | |
| 101 | 0 | @achi |
| 102 | @aCN@b220000 | |
| 105 | @aa z 000yy | |
| 106 | @ar | |
| 200 | 1 | @a常见中草药彩色图鉴@Achang jian zhong cao yao cai se tu jian@f尤志勉, 吴棣飞, 韩安榜主编 |
| 210 | @a长春@c吉林科学技术出版社@d2024.03 | |
| 215 | @a223页@c彩图@d24cm | |
| 314 | @a尤志勉, 浙江中医药大学中药学专业, 研究方向为药用植物研究与利用。吴棣飞, 毕业于浙江大学园艺专业, 主要研究方向为植物分类及资源植物应用。韩安榜, 温州医科大学附属第一医院主管中药师、《浙南本草新编》编委、《600种药用植物及饮片经典图鉴》主编, 发表论文数篇。 | |
| 330 | @a本书根据草药的药用价值, 分为17种类别, 介绍了203种常用中草药材。同时收录多种中医常用词汇, 引用多种古代经典的草药典籍原文, 帮助读者快速掌握各种草药的特性与功效。 | |
| 606 | 0 | @a中草药@Azhong cao yao@j图集 |
| 690 | @aR282.7-64@v5 | |
| 701 | 0 | @a尤志勉@Ayou zhi mian@4主编 |
| 701 | 0 | @a吴棣飞@Awu di fei@4主编 |
| 701 | 0 | @a韩安榜@Ahan an bang@4主编 |
| 801 | 0 | @aCN@c20250909 |
| 905 | @a河南城建学院图书馆@dR282.7-64@eY670@f1 | |
| 常见中草药彩色图鉴/尤志勉, 吴棣飞, 韩安榜主编.-长春:吉林科学技术出版社,2024.03 |
| 223页:彩图;24cm |
| ISBN 978-7-5578-9026-1:CNY45.00 |
| 本书根据草药的药用价值, 分为17种类别, 介绍了203种常用中草药材。同时收录多种中医常用词汇, 引用多种古代经典的草药典籍原文, 帮助读者快速掌握各种草药的特性与功效。 |
| ● |
| 相关链接 |
|
|
|
正题名:常见中草药彩色图鉴
索取号:R282.7-64/Y670
 
预约/预借
| 序号 | 登录号 | 条形码 | 馆藏地/架位号 | 状态 | 备注 |
| 1 | 1625302 | 216253024 | 自科库401/401自科库 12排2列5层/ [索取号:R282.7-64/Y670] | 在馆 |